[Event "POL-ch Rapid U18"]
[Site "Bydgoszcz"]
[Date "2023.08.29"]
[Round "5"]
[White "Zareba, Piotr"]
[Black "Lecki, Leonard"]
[Result "0-1"]
[WhiteElo "1877"]
[BlackElo "1747"]
[PlyCount "60"]
[EventDate "2023.08.28"]
[EventType "swiss"]
[EventRounds "11"]
[EventCountry "POL"]
[SourceTitle "CBM 216 Extra"]
[Source "ChessBase"]
[SourceDate "2023.11.30"]
[SourceVersion "1"]
[SourceVersionDate "2023.11.30"]
[SourceQuality "1"]

1. Nf3 d5 2. b3 Nf6 3. Bb2 e6 4. e3 Be7 5. c4 0-0 6. Nc3 c5 7. cxd5 exd5 8. d4 Nc6 9. Be2 Bf5 10. 0-0 h6 11. Rc1 cxd4 12. Nxd4 Bg6 13. Nxc6 bxc6 14. Na4 Rc8 15. Nc5 Ne4 16. Bd4 Qa5 17. Nxe4 Bxe4 18. Bd3 Bxd3 19. Qxd3 Rfd8 20. Qe2 c5 21. Bc3 Qb6 22. Rfd1 Bg5 23. Qe1 Qe6 24. Ba5 Rd6 25. Rc2 Qe4 26. Re2 Rcc6 27. f3 Qe6 28. Bc3 Qd7 29. h4 Bd8 30. Red2 d4 0-1

[Event "Warsaw Najdorf Memorial op-B"]
[Site "Warsaw"]
[Date "2023.07.19"]
[Round "9"]
[White "Zareba, Piotr"]
[Black "Kudlak, Julia"]
[Result "1/2-1/2"]
[WhiteElo "1723"]
[BlackElo "1899"]
[PlyCount "49"]
[EventDate "2023.07.11"]
[EventType "swiss"]
[EventRounds "9"]
[EventCountry "POL"]
[SourceTitle "EXT 2024"]
[Source "ChessBase"]
[SourceDate "2023.10.10"]
[SourceVersion "1"]
[SourceVersionDate "2023.10.10"]
[SourceQuality "1"]

1. e4 c5 2. Nf3 Nc6 3. d4 cxd4 4. Nxd4 e6 5. Nc3 Qc7 6. g3 a6 7. Bg2 Nf6 8. 0-0 Be7 9. Re1 0-0 10. Nxc6 dxc6 11. e5 Rd8 12. Qf3 Nd5 13. h4 a5 14. Bg5 Nxc3 15. Qxc3 Bxg5 16. hxg5 Bd7 17. Re4 c5 18. Rh4 Rac8 19. Be4 g6 20. Kg2 Bc6 21. Bxc6 Qxc6+ 22. Qf3 Rd4 23. c3 Rxh4 24. gxh4 Rd8 25. Qxc6 1/2-1/2

[Event "Warsaw Maciei Memorial"]
[Site "Warsaw"]
[Date "2023.07.10"]
[Round "3"]
[White "Fistek, Dariusz"]
[Black "Zareba, Piotr"]
[Result "1-0"]
[WhiteElo "2153"]
[BlackElo "1723"]
[PlyCount "101"]
[EventDate "2023.07.10"]
[EventType "swiss (blitz)"]
[EventRounds "11"]
[EventCountry "POL"]
[SourceTitle "CBM 215 Extra"]
[Source "ChessBase"]
[SourceDate "2023.09.30"]
[SourceVersion "1"]
[SourceVersionDate "2023.09.30"]
[SourceQuality "1"]

1. d4 Nf6 2. c4 e6 3. Nf3 d5 4. Nc3 c6 5. e3 Nbd7 6. Qc2 Bd6 7. b3 0-0 8. Be2 e5 9. cxd5 cxd5 10. dxe5 Nxe5 11. 0-0 Be6 12. Nb5 Nxf3+ 13. Bxf3 Be5 14. Bb2 Rc8 15. Qe2 Bxb2 16. Qxb2 Qb6 17. Nd4 Rc7 18. Rac1 Rfc8 19. Rxc7 Qxc7 20. Rd1 a6 21. h3 b5 22. Ne2 Qc2 23. Rd2 Qc6 24. Nf4 Ne4 25. Rd4 Nf6 26. Qd2 Qc1+ 27. Kh2 Qc7 28. g3 h6 29. Nxd5 Bxd5 30. Bxd5 Nxd5 31. Rxd5 Re8 32. Rd7 Qe5 33. Ra7 Qf6 34. Rd7 g6 35. Rd6 Qg5 36. Rxa6 Rd8 37. Rd6 Rxd6 38. Qxd6 Qf5 39. Qf4 Qc2 40. Kg2 Qc6+ 41. Qf3 Qc2 42. Qb7 Qe2 43. a4 bxa4 44. bxa4 Qd3 45. a5 h5 46. a6 h4 47. a7 hxg3 48. a8Q+ Kg7 49. Qb2+ Kh6 50. Qah8+ Kg5 51. Qbf6# 1-0

[Event "Warsaw Maciei Memorial"]
[Site "Warsaw"]
[Date "2023.07.10"]
[Round "7"]
[White "Smetek, Michal"]
[Black "Zareba, Piotr"]
[Result "1-0"]
[WhiteElo "1943"]
[BlackElo "1723"]
[PlyCount "153"]
[EventDate "2023.07.10"]
[EventType "swiss (blitz)"]
[EventRounds "11"]
[EventCountry "POL"]
[SourceTitle "CBM 215 Extra"]
[Source "ChessBase"]
[SourceDate "2023.09.30"]
[SourceVersion "1"]
[SourceVersionDate "2023.09.30"]
[SourceQuality "1"]

1. d4 Nf6 2. c4 e6 3. g3 d5 4. Nf3 Be7 5. Bg2 0-0 6. 0-0 dxc4 7. Qa4 a6 8. Qxc4 b5 9. Qc2 Bb7 10. Bd2 Nbd7 11. Ba5 Nb6 12. Nbd2 Rc8 13. b4 Ne8 14. e4 Nd6 15. Ne5 Qe8 16. Rac1 Bf6 17. Bxb6 cxb6 18. Qd3 Bxe5 19. dxe5 Nc4 20. Nxc4 bxc4 21. Rxc4 Qb5 22. Rd4 Qxe5 23. Rd1 h6 24. h4 a5 25. f4 Qb8 26. bxa5 bxa5 27. Kh2 Qa8 28. Qd2 a4 29. a3 Kh7 30. Qb4 Rc2 31. Qxa4 Qxa4 32. Rxa4 f5 33. Kg1 Ra2 34. Rb4 Bxe4 35. Bxe4 fxe4 36. Rxe4 Rxa3 37. Kg2 Rc8 38. Rg1 Rc2+ 39. Kh3 Raa2 40. Kg4 Ra6 41. Re5 Kg6 42. h5+ Kf6 43. Rge1 Rc4 44. R5e3 Rc5 45. Rd3 Raa5 46. Rd6 Rxh5 47. Rdxe6+ Kf7 48. Re7+ Kg8 49. Rc7 Rhc5 50. Rd7 Rd5 51. Re8+ Kh7 52. Rf7 h5+ 53. Kh4 Kh6 54. Re6+ Kh7 55. Ree7 Ra6 56. Rxg7+ Kh8 57. Rh7+ Kg8 58. Reg7+ Kf8 59. Rf7+ Kg8 60. Rhg7+ Kh8 61. Rh7+ Kg8 62. Rfg7+ Kf8 63. Rb7 Kg8 64. Rxh5 Rxh5+ 65. Kxh5 Ra3 66. g4 Ra6 67. f5 Rc6 68. Kg5 Ra6 69. f6 Ra8 70. Kg6 Rc8 71. g5 Ra8 72. Kh6 Kh8 73. g6 Kg8 74. Rg7+ Kh8 75. Rh7+ Kg8 76. f7+ Kf8 77. Rh8+ 1-0

[Event "Warsaw Maciei Memorial"]
[Site "Warsaw"]
[Date "2023.07.10"]
[Round "9"]
[White "Zareba, Piotr"]
[Black "Goslawski, Michal"]
[Result "1-0"]
[WhiteElo "1723"]
[BlackElo "2096"]
[PlyCount "117"]
[EventDate "2023.07.10"]
[EventType "swiss (blitz)"]
[EventRounds "11"]
[EventCountry "POL"]
[SourceTitle "CBM 215 Extra"]
[Source "ChessBase"]
[SourceDate "2023.09.30"]
[SourceVersion "1"]
[SourceVersionDate "2023.09.30"]
[SourceQuality "1"]

1. e4 c6 2. d4 d5 3. e5 c5 4. dxc5 e6 5. Be3 Nd7 6. Nf3 Bxc5 7. Bxc5 Nxc5 8. Be2 Qb6 9. b3 Ne7 10. 0-0 Ng6 11. Re1 Ne4 12. Rf1 0-0 13. Bd3 Rd8 14. Nbd2 Nc3 15. Qe1 Qc7 16. Nb1 Nxb1 17. Rxb1 b6 18. Qe3 Bb7 19. Bxg6 hxg6 20. Nd4 Ba6 21. Rfc1 Rac8 22. c3 Qe7 23. a4 Rc5 24. b4 Rc4 25. Rb3 Rdc8 26. Ra3 Qh4 27. h3 g5 28. a5 b5 29. Ra2 Qf4 30. Qxf4 gxf4 31. Rac2 Kf8 32. f3 Ke7 33. Nb3 Bb7 34. Nc5 R8xc5 35. bxc5 a6 36. Kf2 Rxc5 37. Ke2 Rc4 38. Ra1 Bc6 39. Kd3 Be8 40. h4 f6 41. exf6+ Kxf6 42. Re2 Bg6+ 43. Kd2 Bf5 44. Ra3 e5 45. Kc1 b4 46. Rb3 Rxc3+ 47. Kb2 Rc4 48. Re1 Rc2+ 49. Ka1 Rc4 50. Kb2 d4 51. Rc1 Rxc1 52. Kxc1 e4 53. fxe4 Bxe4 54. Rxb4 Ke5 55. Rb6 Bd3 56. Kd2 Bc4 57. Rc6 Bb5 58. Rc5+ Ke6 59. Rxb5 1-0

[Event "Warsaw Maciei Memorial"]
[Site "Warsaw"]
[Date "2023.07.10"]
[Round "2"]
[White "Zareba, Piotr"]
[Black "Kultiyasov, Mikhail"]
[Result "1/2-1/2"]
[WhiteElo "1723"]
[BlackElo "2204"]
[PlyCount "115"]
[EventDate "2023.07.10"]
[EventType "swiss (blitz)"]
[EventRounds "11"]
[EventCountry "POL"]
[SourceTitle "CBM 215 Extra"]
[Source "ChessBase"]
[SourceDate "2023.09.30"]
[SourceVersion "1"]
[SourceVersionDate "2023.09.30"]
[SourceQuality "1"]

1. e4 c5 2. Nf3 e6 3. d4 cxd4 4. Nxd4 a6 5. g3 d6 6. Bg2 Qc7 7. 0-0 Bd7 8. Nc3 Nc6 9. Be3 Be7 10. h3 Nf6 11. Qd2 Nxd4 12. Bxd4 0-0 13. a4 Rac8 14. a5 Bc6 15. Bb6 Qb8 16. Rfe1 Nd7 17. Be3 Ne5 18. b3 Qc7 19. Bb6 Qb8 20. Be3 Bf6 21. Bd4 Be7 22. Na4 Nd7 23. Nb6 Nxb6 24. Bxb6 Bd8 25. Bd4 Qc7 26. c4 Qe7 27. Rec1 Bc7 28. b4 h6 29. Rab1 e5 30. Be3 f5 31. exf5 Bxg2 32. Kxg2 Rxf5 33. Qd5+ Kh8 34. Qxb7 Rb8 35. Qd5 Rbf8 36. b5 axb5 37. cxb5 Bxa5 38. b6 e4 39. Qd4 d5 40. b7 Bc7 41. Rc2 Rf3 42. Rbc1 Bb8 43. Rc8 Qd6 44. Rxf8+ Rxf8 45. Rc8 Qe7 46. Rxf8+ Qxf8 47. Qxd5 Qf3+ 48. Kh2 Bxg3+ 49. fxg3 Qe2+ 50. Kh1 Qf1+ 51. Kh2 Qe2+ 52. Kh1 Qf1+ 53. Bg1 Qf3+ 54. Kh2 Qe2+ 55. Kh1 Qf3+ 56. Kh2 Qe2+ 57. Kh1 Qf3+ 58. Kh2 1/2-1/2

[Event "Lazy Baltic Pearl op-A 19th"]
[Site "Lazy"]
[Date "2023.07.03"]
[Round "8"]
[White "Borkowski, Szymon"]
[Black "Zareba, Piotr"]
[Result "0-1"]
[WhiteElo "1629"]
[BlackElo "1724"]
[PlyCount "60"]
[EventDate "2023.06.26"]
[EventType "swiss"]
[EventRounds "9"]
[EventCountry "POL"]
[SourceTitle "EXT 2024"]
[Source "ChessBase"]
[SourceDate "2023.10.10"]
[SourceVersion "1"]
[SourceVersionDate "2023.10.10"]
[SourceQuality "1"]

1. d4 d5 2. c4 c6 3. Nc3 Nf6 4. e3 e6 5. Nf3 Nbd7 6. b3 Be7 7. Bb2 0-0 8. Bd3 dxc4 9. bxc4 c5 10. d5 exd5 11. cxd5 a6 12. a4 Bd6 13. 0-0 Ne5 14. Ne4 Bg4 15. Nxd6 Nxd3 16. Qxd3 Qxd6 17. e4 Rfe8 18. Nd2 Nd7 19. f3 Bh5 20. Qc3 Qg6 21. g4 Nf6 22. Kh1 Bxg4 23. fxg4 Nxe4 24. Nxe4 Rxe4 25. h3 Rae8 26. Rae1 f6 27. Bc1 h5 28. Qd3 hxg4 29. Rxe4 Rxe4 30. hxg4 Qh7+ 0-1